[Event "US-ch Open 2019"]
[Site "Saint Louis"]
[Date "2019.03.24"]
[Round "5.5"]
[White "Shankland, Samuel"]
[Black "Lenderman, Aleksandr"]
[Result "1/2-1/2"]
[WhiteElo "2731"]
[BlackElo "2637"]
[Annotator "TA"]
[PlyCount "63"]
[EventDate "2019.03.20"]
[EventType "swiss"]
[EventCountry "USA"]
[SourceTitle "playchess.com"]
[Source "ChessBase"]
[SourceQuality "1"]

{[%evp 20,63,21,17,33,15,31,19,30,30,26,28,33,23,30,20,24,27,28,24,37,20,55,9,15,10,23,11,24,0,12,5,6,8,8,5,5,5,5,5,5,8,5,11,6,0]} 1. c4 e6 2. Nc3 d5 3. d4 Nf6 4. Bg5 Be7 5. e3 h6 6. Bh4 O-O 7. Rc1 dxc4 8. Bxc4 c5 9. Nf3 cxd4 10. Nxd4 Bd7 11. O-O Nc6 {D53: Queen's Gambit Declined: 4 Bg5 Be7: Early deviations} 12. Nf3 (12. Nb3 Rc8 13. Be2 Nd5 14. Bxe7 Ncxe7 15. Nxd5 Nxd5 16. Qd4 b6 17. Bf3 Nf6 18. Qe5 Ba4 19. Rxc8 {½-½ (19) Sakaev,K (2607)-Georgiev,K (2675) Vrnjacka Banja 2010}) 12... a6 13. Be2 $146 ({Predecessor:} 13. a3 Na5 14. Ba2 Rc8 15. Ne5 Rc7 16. Qc2 Nc6 17. Bb1 Nxe5 18. Bxf6 g6 19. Bxe5 {1-0 (37) Tseng,W (2153)-Stephen (1760) ICCF email 2010}) 13... Nh5 14. Bxe7 Qxe7 15. Ne4 Rfd8 16. Qd6 {[#] Rxc6! is the strong threat.} Qxd6 17. Nxd6 Rab8 18. Rfd1 Nf6 19. Rd2 Be8 20. b3 Kf8 21. Kf1 (21. Bxa6 $5 bxa6 22. Nxe8 Rxd2 23. Nxd2 $14) 21... Ke7 22. Nxe8 Rxd2 23. Nxd2 Nxe8 24. Ne4 Nd6 {The position is equal.} 25. Nc5 Ne5 26. f4 Nd7 27. Nxd7 Kxd7 28. Bf3 Rc8 29. Rxc8 Kxc8 30. Ke2 Kc7 31. Kd3 f6 32. g3 {Accuracy: White = 74%, Black = 59%.} 1/2-1/2

[Event "US-ch Open 2019"]
[Site "Saint Louis"]
[Date "2019.03.24"]
[Round "5.6"]
[White "Gareyev, Timur"]
[Black "Liang, Awonder"]
[Result "1-0"]
[WhiteElo "2557"]
[BlackElo "2590"]
[Annotator "TA"]
[PlyCount "143"]
[EventDate "2019.03.20"]
[EventType "swiss"]
[EventCountry "USA"]
[SourceTitle "playchess.com"]
[Source "ChessBase"]
[SourceQuality "1"]

{[%evp 9,143,0,7,-16,-8,-28,-3,-10,-18,-27,0,4,5,-1,0,0,12,2,24,27,28,28,25,8,18,0,0,-26,-29,-42,0,-12,0,0,0,0,0,0,0,0,0,0,0,0,25,-9,0,-20,25,20,11,17,24,13,45,0,0,0,0,0,0,0,0,0,0,0,0,0,0,0,0,0,37,29,69,75,75,69,75,64,64,56,64,57,212,69,327,69,69,69,391,391,370,69,303,97,556,545,1118,1093,1085,1056,1032,1032,999,992,923,762,593,447,376,302,256,69,69,59,64,56,56,56,56,56,527,19,491,449,29970,29972,29972,29973,29973,29974,29976,29977,29983,29983]} 1. c4 Nf6 2. Nc3 e5 3. Nf3 Nc6 4. d3 d5 5. cxd5 Nxd5 6. Bd2 {A28: English Opening: Four Knights Variation} (6. e4 Nxc3 7. bxc3 Bc5 8. Be2 O-O 9. O-O Bb6 10. a4 Re8 11. Qc2 Qf6 12. Kh1 h6 13. Ng1 Qd6 14. f4 Bxg1 15. Rxg1 exf4 {0-1 (42) Kramnik,V (2777)-Giri,A (2783) Wijk aan Zee 2019}) 6... Be7 7. e3 Ndb4 8. Qb1 {The position is equal.} Bf5 $146 ({Predecessor:} 8... Bg4 9. a3 Bxf3 10. axb4 Bh5 11. b5 Nb4 {1-0 (38) Cobb,C-Jeran,B Dos Hermanas 2004}) 9. Ne4 O-O 10. a3 Nd5 11. Be2 a5 12. Qc2 Kh8 13. Rc1 Nb6 14. Bc3 Bd6 15. O-O a4 16. Qb1 Bg6 17. Qa2 f5 18. Neg5 {White wants to play Ne6.} Qe7 {Hoping for ...e4.} 19. e4 Rae8 20. exf5 Rxf5 21. Ne4 Bf7 22. Qb1 Nd5 23. Bd2 Be6 24. Rfe1 Nf4 25. Bxf4 Rxf4 26. Bd1 Bg4 27. Nfd2 Bxd1 28. Rcxd1 Bc5 29. Nxc5 Qxc5 30. Ne4 Qb6 31. Qc2 Ref8 (31... Rd8 {is more complex.} 32. Rb1 Qb5 33. b3 Qxd3 34. Qxd3 Rxd3 35. bxa4 Rxa3 36. f3 Rxa4 37. Rxb7 Rf7) 32. Qxa4 (32. Kh1 {is interesting.} Ra8 33. f3 Qb5 34. Rc1 Rff8 35. Nc3) 32... Qxb2 33. Rb1 Qxf2+ $1 34. Nxf2 Rxa4 35. Rxb7 Rxa3 36. Rxc7 Nd4 37. Ng4 Ra2 38. Nxe5 Kg8 {Threatens to win with ...Re2.} 39. h4 Ne2+ 40. Kh1 Nf4 (40... Re8 {seems wilder.} 41. Nf3 h6 42. Rd7 Re6 43. Kh2 Rf6) 41. Rf1 Ng6 42. Rxf8+ Kxf8 43. Nxg6+ hxg6 $14 {[%mdl 4096] Endgame KR-KR} 44. Rc4 Rd2 45. Rf4+ Kg8 46. Rd4 Kh7 $2 (46... Kf7 $14) 47. Kh2 ({White must play} 47. Rd6 $1 $18) 47... Kh6 $2 {[%mdl 8192] [#]} (47... g5 $1 $14) 48. Rd5 $2 ({Only move:} 48. Rd6 $1 $18) 48... g5 $1 49. hxg5+ Kg6 $2 {[%mdl 8192]} (49... Kh5 $1 $14) 50. Kg3 $18 Kh5 51. Kh3 $2 (51. Kf3 $18 g6 52. d4) 51... Kg6 $2 {[#]} (51... Rd1 $1 $14) 52. Rd7 $2 (52. g3 $1 $18 {and the rest is easy.}) 52... Re2 $2 {[%mdl 8192]} (52... Kh5 $16) 53. g3 Rd2 54. Kg4 Rd1 55. Rd6+ Kf7 56. Rd4 Kg6 57. Rd7 Ra1 58. Rd6+ Kf7 59. Rd4 Kg6 60. Re4 Ra5 61. Kf4 $2 ({Better is} 61. Re6+ $18 Kf7 62. Rd6) 61... Rf5+ $14 62. Ke3 Rxg5 63. g4 Ra5 64. d4 Kf6 65. Kd3 g5 $2 {[%mdl 8192]} ({Black should play} 65... Rg5 $14) 66. Kc4 $18 {Black should prevent Re1.} Ra1 $2 {[%mdl 8192]} (66... Ra3 $1 $11) 67. d5 Rc1+ (67... Ra4+ $18 68. Kd3 Ra3+ 69. Ke2 Ra6) 68. Kb5 {White mates.} Rb1+ 69. Kc6 Rc1+ 70. Kd7 Kf7 71. Re5 Kg6 72. Ke6 {Accuracy: White = 54%, Black = 32%.} 1-0

[Event "US-ch Open 2019"]
[Site "Saint Louis"]
[Date "2019.03.25"]
[Round "6.1"]
[White "So, Wesley"]
[Black "Dominguez Perez, Leinier"]
[Result "1/2-1/2"]
[WhiteElo "2762"]
[BlackElo "2739"]
[Annotator "TA"]
[PlyCount "79"]
[EventDate "2019.03.20"]
[EventType "swiss"]
[EventCountry "USA"]
[SourceTitle "playchess.com"]
[Source "ChessBase"]
[SourceQuality "1"]

{[%evp 9,79,25,27,21,20,16,18,14,19,14,17,0,0,0,0,-12,5,0,0,-28,0,0,22,28,24,0,0,-8,0,0,0,0,26,0,0,0,0,0,0,0,-2,-81,-72,-68,-79,-72,-42,-144,-132,-161,-168,-189,-193,-195,-174,-128,-26,-41,-36,-46,-66,-39,0,0,0,0,0,0,0,0,0,0]} 1. e4 e5 2. Nf3 Nc6 3. Bb5 Nf6 4. d3 Bc5 5. Bxc6 dxc6 6. Nbd2 {C65: Ruy Lopez: Berlin Defence (3...Nf6), unusual lines and 4 0-0 Bc5} (6. c3 {is interesting.} Bd6 7. Bg5 a5 8. Nbd2 h6 9. Bh4) 6... Be6 7. O-O Bd6 8. b3 (8. d4 Nd7 9. dxe5 Nxe5 10. Nxe5 Bxe5 11. f4 Bd4+ 12. Kh1 f5 13. Qe2 O-O {½-½ (57) So,W (2788)-Dominguez Perez,L (2739) Saint Louis 2017}) 8... Nd7 9. Nc4 Qe7 10. a4 $146 ({Predecessor:} 10. Bb2 Bxc4 11. bxc4 O-O 12. a4 a6 13. g3 Nc5 {0-1 (43) Robson,R (2667)-So,W (2765) chess.com INT 2019}) 10... Bxc4 11. bxc4 a5 12. g3 O-O-O 13. Bd2 b6 $1 14. Qe2 Nc5 15. c3 Kb7 16. Be3 Rhe8 17. Rfd1 f6 18. Nd2 Na6 19. Nb3 c5 20. f3 Nb8 21. d4 exd4 22. cxd4 cxd4 23. Rxd4 {Hoping for c5!} Na6 24. Rb1 Bb4 $1 25. c5 (25. Rd5 $11 {keeps the balance.} c5 26. Kg2) 25... Rxd4 $1 $17 {[#]} (25... Nxc5 $2 26. Rxb4 $1 {[%mdl 512]} axb4 27. Nxc5+ bxc5 28. Qb5+ Kc8 29. Bxc5 $18) 26. c6+ $1 {[%mdl 512]} Kxc6 {...Rxe4! is the strong threat.} 27. Qxa6 ({Of course not} 27. Nxd4+ Kb7 $11) 27... Rd6 28. Bf4 (28. Nd4+ $1 $15 Kd7 29. Nf5) 28... Kd7 29. Rc1 {[#]} Rd8 $1 30. Kg2 ({Wrong is} 30. Rxc7+ $2 Kxc7 31. Nd4 (31. Qa7+ $2 Kc6 $19) 31... Rc8 $19) 30... Ke8 {White must now prevent ...R6d7.} 31. Bxd6 Qxd6 32. Qc4 Kf8 (32... Rd7 $17 33. Qg8+ {[%mdl 64] Double Attack} Qf8 34. Qe6+ Kd8) 33. Qxc7 $11 Qxc7 34. Rxc7 {[%mdl 4096] Endgame KRB-KRN} Rd3 35. Nc1 Rd1 36. Ne2 {The position is equal.} Rd2 37. Kf1 Rd1+ 38. Kg2 Rd2 39. Kf1 Rd1+ 40. Kg2 {Accuracy: White = 42%, Black = 64%.} 1/2-1/2

[Event "US-ch Open 2019"]
[Site "Saint Louis"]
[Date "2019.03.25"]
[Round "6.2"]
[White "Caruana, Fabiano"]
[Black "Xiong, Jeffery"]
[Result "1-0"]
[WhiteElo "2828"]
[BlackElo "2663"]
[Annotator "TA"]
[PlyCount "89"]
[EventDate "2019.03.20"]
[EventType "swiss"]
[EventCountry "USA"]
[SourceTitle "playchess.com"]
[Source "ChessBase"]
[SourceQuality "1"]

{[%evp 15,89,14,30,12,20,18,18,20,24,24,31,0,0,-2,-8,-8,-5,0,0,-27,-7,-8,-10,-41,0,-17,0,0,0,0,42,38,25,32,45,42,43,17,107,99,107,93,122,104,159,93,172,169,184,140,225,225,225,225,225,225,225,225,225,225,225,225,223,212,279,272,343,341,869,830,858,838,828,825,784,739]} 1. e4 e5 2. Nf3 Nc6 3. Bb5 Nf6 4. d3 Bc5 5. Bxc6 dxc6 6. O-O {C65: Ruy Lopez: Berlin Defence (3...Nf6), unusual lines and 4 0-0 Bc5} Qe7 7. Nbd2 Bg4 8. h3 Bh5 {LiveBook: 7 Games} 9. a3 a5 10. Nc4 Nd7 11. g4 Bg6 $1 12. b4 Bb6 $146 ({Predecessor:} 12... axb4 13. Bg5 f6 14. axb4 Rxa1 15. Qxa1 {½-½ (30) Anand,V (2783)-Nakamura,H (2792) Saint Louis 2017}) 13. bxa5 (13. Bb2 {keeps more tension.} f6 14. Nh4 a4 15. Nxb6 cxb6 16. f4) 13... Bxa5 14. Bb2 {[%cal Rf3e5]} f6 15. Nxa5 Rxa5 16. Nh4 O-O 17. Nf5 Qe6 18. Kh2 c5 19. h4 c4 20. h5 Bf7 21. Rg1 cxd3 22. cxd3 Rb5 23. Bc1 {[%cal Bb2c1,Bc1e3,Be3h6][%mdl 32]} Kh8 24. Be3 Rb3 25. Rg3 c5 26. Qe2 g5 (26... Rg8 $11) 27. hxg6 $1 $16 Bxg6 ({Wrong is} 27... hxg6 $2 28. Rh3+ Kg8 29. Rh1 $18) 28. a4 Qa6 29. Bh6 {And now Qa2 would win.} Rg8 (29... Ra8 $142) 30. Rag1 (30. Ne7 $142 $1) 30... Qxa4 (30... Qe6 $16 {is a better defense.}) 31. Ne7 Qd4 32. Qd1 c4 (32... Ra3 $16) 33. Nxg8 $18 Kxg8 34. dxc4 $1 Rxg3 35. Qxd4 ({Don't do} 35. fxg3 $6 Bxe4 36. Qxd4 exd4 $16) 35... exd4 36. Kxg3 Bxe4 {[%mdl 4096] Endgame KRB-KBN} 37. Rd1 d3 38. f3 Bg6 39. Ra1 Kf7 40. Ra7 Nc5 41. Be3 Ke8 $2 (41... Nd7 42. Rxb7 Ke8) 42. Bxc5 {White is clearly winning.} d2 {[#]} 43. Ra8+ $1 Kd7 {[#]} 44. Bb6 $1 ({Not} 44. Ra1 Bc2 $11) 44... Kc6 45. Ba5 {Precision: White = 76%, Black = 37%.} 1-0

[Event "US-ch Open 2019"]
[Site "Saint Louis"]
[Date "2019.03.25"]
[Round "6.3"]
[White "Nakamura, Hikaru"]
[Black "Gareyev, Timur"]
[Result "1-0"]
[WhiteElo "2746"]
[BlackElo "2557"]
[Annotator "TA"]
[PlyCount "65"]
[EventDate "2019.03.20"]
[EventType "swiss"]
[EventCountry "USA"]
[SourceTitle "playchess.com"]
[Source "ChessBase"]
[SourceQuality "1"]

{[%evp 9,65,15,22,21,45,18,43,52,44,31,16,10,4,14,17,-5,37,32,32,44,43,14,20,25,22,16,28,15,13,18,18,15,14,0,30,32,93,103,97,87,119,113,146,125,204,203,187,181,177,148,337,325,445,433,432,430,609,614]} 1. Nf3 c5 2. g3 g6 3. c3 (3. Bg2 Bg7 4. O-O Nc6 5. c3 e5 6. e4 Nge7 7. d3 O-O 8. a3 a5 9. a4 d5 10. Na3 d4 11. cxd4 cxd4 12. Nc4 Rb8 13. b3 b5 14. axb5 Rxb5 15. Ba3 Nb4 16. Bxb4 axb4 {1-0 (37) Maghsoodloo,P (2673)-Grandelius,N (2694) Astana 2019}) 3... d5 4. Bg2 Nf6 5. d4 Nbd7 6. Ne5 {A04: Unusual lines after 1 Nf3 and King's Indian Attack} Qb6 $146 ({Predecessor:} 6... Bg7 7. O-O O-O 8. Nxd7 Bxd7 9. dxc5 Bc6 10. Nd2 a5 11. Rb1 a4 {½-½ (27) Trapp,M (2072)-Lochte,T (2118) Bayern 2011}) 7. dxc5 Qxc5 8. Nd3 {White is slightly better.} Qc7 9. Qa4 Bg7 10. Bf4 Qd8 11. O-O O-O 12. Nd2 Nb6 13. Qb3 Bg4 14. Rfe1 Qc8 15. Qb4 Re8 16. a4 Nbd7 17. Ne5 $36 {[%mdl 2048] White is more active.} a5 18. Qb5 Nxe5 19. Bxe5 Bd7 20. Qd3 Bc6 21. Qd4 Qf5 22. Nf1 Rad8 (22... Qe6 $14) 23. b4 $16 Qc8 24. Ne3 b6 25. Red1 Ba8 26. b5 h5 (26... Bf8 $16 27. Bxf6 (27. Qxb6 Nd7 $16) 27... exf6) 27. Rac1 $18 Bf8 28. Bxf6 exf6 29. Qxb6 {[%cal Re3d5]} Re6 $2 {[#]} (29... Kg7 $16 30. Qxa5 (30. Nxd5 Bxd5 31. Rxd5 Rxd5 $16) 30... Bc5) 30. Qxa5 Bc5 {intending ...Bb6.} 31. Nxd5 {White is clearly winning.} Rde8 32. e3 Kg7 (32... Rd6 $142 33. c4 h4) 33. Qc7 {Precision: White = 62%, Black = 54%.} 1-0

[Event "US-ch Open 2019"]
[Site "Saint Louis"]
[Date "2019.03.25"]
[Round "6.4"]
[White "Sevian, Samuel"]
[Black "Shankland, Samuel"]
[Result "1/2-1/2"]
[WhiteElo "2642"]
[BlackElo "2731"]
[Annotator "TA"]
[PlyCount "62"]
[EventDate "2019.03.20"]
[EventType "swiss"]
[EventCountry "USA"]
[SourceTitle "playchess.com"]
[Source "ChessBase"]
[SourceQuality "1"]

{[%evp 16,62,27,0,0,-18,-6,0,-5,-3,-23,-14,-14,-12,-15,-25,18,0,0,0,0,-37,-44,-29,-7,-7,-7,-8,0,0,0,-28,-25,-25,-23,-23,-17,-16,-14,-44,-27,-30,0,0,0,0,0,0,0]} 1. e4 e5 2. Nf3 Nc6 3. Bb5 Nf6 4. O-O Nxe4 5. d4 Nd6 6. Bxc6 dxc6 7. dxe5 Nf5 8. Qxd8+ Kxd8 9. h3 Bd7 {C67: Ruy Lopez: Berlin Defence: 4 0-0 Nxe4} (9... Ke8 10. Nc3 h5 11. Ne2 b6 12. Bg5 c5 13. Nc3 Bb7 14. Rfd1 Bxf3 15. gxf3 c6 16. Rd3 Be7 17. Ne4 Rd8 18. Rad1 Rxd3 19. Rxd3 Bxg5 20. Nxg5 {½-½ (33) Vachier Lagrave,M (2781)-Nakamura,H (2746) London 2018}) 10. Rd1 Be7 11. g4 (11. a4 {keeps more tension.} a5 12. Ng5 Ke8 13. Nc3 Rd8 14. Nge4) 11... Nh4 12. Nxh4 Bxh4 13. Nc3 Kc8 14. Kg2 Re8 $146 ({Predecessor:} 14... b6 15. Bf4 h5 16. f3 Be6 17. Bg3 {½-½ (32) Djukic,N (2529)-Codenotti,M (2385) Skopje 2015}) 15. Bf4 Be7 16. Bg3 h5 17. f3 a5 {[%cal Ba7a5,Ba5a4][%mdl 32]} 18. Ne2 a4 19. Rd2 Bb4 20. c3 Bc5 21. Nf4 hxg4 22. hxg4 Be3 ({Much weaker is} 22... Rxe5 $6 23. Nd3 $16) 23. Rd3 (23. e6 $5 Bxe6 {[#]} 24. Nxe6 $1 {[%mdl 512]} Rxe6 25. Re2 $11) 23... Bxf4 $1 24. Bxf4 Be6 25. a3 Ra5 26. Rad1 b6 27. Rd4 Kb7 28. R1d2 Rea8 29. Kg3 {The position is equal.} Rb5 30. Re2 Raa5 31. Kh4 Ra8 {Accuracy: White = 64%, Black = 68%.} 1/2-1/2

[Event "US-ch Open 2019"]
[Site "Saint Louis"]
[Date "2019.03.25"]
[Round "6.5"]
[White "Lenderman, Aleksandr"]
[Black "Robson, Ray"]
[Result "1/2-1/2"]
[WhiteElo "2637"]
[BlackElo "2667"]
[Annotator "TA"]
[PlyCount "93"]
[EventDate "2019.03.20"]
[EventType "swiss"]
[EventCountry "USA"]
[SourceTitle "playchess.com"]
[Source "ChessBase"]
[SourceQuality "1"]

{[%evp 15,93,18,20,18,79,68,67,71,77,20,40,39,27,14,22,9,22,8,67,0,0,0,0,0,0,0,0,0,0,0,0,0,0,0,0,0,0,0,0,0,0,0,0,0,0,0,0,0,0,0,0,0,0,0,0,0,0,0,0,0,0,0,0,0,0,0,0,0,0,0,0,0,0,0,0,0,0,0,0,0]} 1. Nf3 d5 2. d4 Nf6 3. c4 c6 4. cxd5 cxd5 5. Nc3 Nc6 6. Bf4 Bf5 7. e3 e6 8. Qb3 Bb4 9. Ne5 {D14: Slav Defence: Exchange variation with ...Bf5} O-O (9... Bxc3+ $11 10. bxc3 Nxe5 11. Bxe5 O-O) (9... Bxc3+ 10. bxc3 Nxe5 11. Bxe5 O-O 12. Be2 Rc8 13. f3 Qa5 14. Rc1 Rc6 15. g4 Bg6 16. h4 h6 {0-1 (29) Svane,R (2595)-Vidit,S (2711) Douglas 2018}) 10. Nxc6 $16 Bxc3+ $1 11. Qxc3 {White is slightly better.} bxc6 12. Be2 (12. h4 $16) 12... Ne4 $11 13. Qa3 g5 $1 {[%cal Rg5f4]} 14. Bg3 Qb6 15. O-O a5 16. Rfc1 Rfc8 (16... Nxg3 $11 17. hxg3 a4) 17. Bd3 $146 (17. Be5 $14) 17... Nxg3 {The position is equal.} 18. hxg3 Bxd3 19. Qxd3 c5 20. dxc5 Rxc5 21. Rc2 Qb5 22. Qd1 Rac8 23. Rac1 Rxc2 24. Rxc2 Rxc2 25. Qxc2 {[%mdl 4096] Endgame KQ-KQ} h6 26. Qc8+ Kg7 27. Qc3+ Kg6 28. Qc2+ Kg7 29. b3 Qb4 30. Qb2+ f6 31. a3 Qe1+ 32. Kh2 e5 33. b4 axb4 34. axb4 Qd1 35. f3 {[#] Threatens to win with b5.} d4 36. exd4 exd4 ({Of course not} 36... Qxd4 37. Qxd4 exd4 38. Kg1 $16) 37. b5 d3 38. b6 d2 {[#] White must now prevent ...Qe1.} 39. b7 Qc1 40. b8=Q {Intending Q2b7+ and mate.} (40. Qb4 {keeps more tension.} d1=Q 41. Qe7+ Kg6 42. Qe4+ Kg7 43. Qe7+) 40... Qxb2 41. Qxb2 d1=Q {KQ-KQ} 42. Qb7+ Kg6 43. Qe4+ Kg7 44. Qe7+ Kg6 45. Qe8+ Kg7 46. Qe7+ Kg6 47. Qe8+ {Accuracy: White = 61%, Black = 73%.} 1/2-1/2

[Event "US-ch Open 2019"]
[Site "Saint Louis"]
[Date "2019.03.25"]
[Round "6.6"]
[White "Liang, Awonder"]
[Black "Akobian, Varuzhan"]
[Result "1-0"]
[WhiteElo "2590"]
[BlackElo "2625"]
[Annotator "TA"]
[PlyCount "99"]
[EventDate "2019.03.20"]
[EventType "swiss"]
[EventCountry "USA"]
[SourceTitle "playchess.com"]
[Source "ChessBase"]
[SourceQuality "1"]

{[%evp 27,99,42,49,20,35,-15,-26,-10,-24,-12,-21,-31,0,0,0,0,0,0,20,19,25,0,44,40,46,28,34,28,68,7,34,-8,-8,-40,-45,-121,16,16,78,16,62,16,64,67,234,39,272,8,920,586,1177,1151,1139,1112,1091,1081,1483,1487,2374,2173,2127,1960,29984,29985,29984,29985,29987,29988,29988,29989,29989,29990,29990,29991]} 1. e4 e6 2. d4 d5 3. Nc3 Bb4 4. e5 c5 5. a3 Bxc3+ 6. bxc3 Ne7 7. Qg4 cxd4 8. Bd3 Qc7 9. Ne2 dxc3 10. Qxg7 Rg8 11. Qxh7 Nbc6 12. Bf4 Bd7 13. Bg3 Nxe5 14. O-O O-O-O 15. Qh4 {C18: French: 3 Nc3 Bb4: Main line: 7 h4 and 7 Qg4} (15. Rab1 N7c6 16. Bb5 f6 17. Qh6 Rdf8 18. Rb3 Kb8 19. Rfb1 Ka8 20. Rxc3 Qa5 21. Rcb3 Rh8 22. Qe3 Ng4 {1-0 (30) Eliseev,U (2602)-Lugovskoy,M (2502) Loo 2016}) 15... N5g6 16. Bxc7 Nxh4 17. Bxd8 {Black has an edge.} Rxg2+ 18. Kh1 Kxd8 19. Rab1 $146 ({Predecessor:} 19. f4 Nef5 20. Rg1 Rf2 21. Raf1 Rxf1 22. Rxf1 Bc6 {1-0 (104) Godoy Bugueno,D (2340)-Egger Mancilla,J (2425) Santiago de Chile 1994}) 19... e5 20. Rxb7 Bc6 21. Rb8+ Kc7 22. Rh8 $36 {[%mdl 2048] White fights for an advantage.} d4 {( -> ...Rxf2+)} 23. f3 $1 Neg6 24. Bxg6 (24. Rh7 {with more complications.} Kd6 25. Rxf7 Ba4 26. Re1 Be8 27. Rf6+) 24... Nxg6 (24... fxg6 {keeps more tension.} 25. Nxc3 Rxc2 26. Rxh4 dxc3 27. Rc4 Kd6) 25. Kxg2 Nxh8 $11 {[%mdl 4096] Endgame KRN-KBN} 26. h4 f6 $1 27. Kf2 Kd6 28. h5 (28. Rb1 $14) 28... Ba4 $1 29. Rg1 Nf7 $1 30. Rb1 Bxc2 31. Rb7 {[#]} (31. Rc1 $15 Ba4 32. Nxc3 $1 {[%mdl 512]} dxc3 33. Rxc3) 31... Nh6 (31... Ng5 $1 $17 {...Nh3+ is the strong threat.} 32. Rxa7 Bh7) 32. Rxa7 Bb3 (32... Bd3 $11 {remains equal.}) 33. a4 (33. Ra6+ $16 Ke7 34. a4) 33... Bc4 34. a5 {And now a6 would win.} (34. Rg7 $5 {[%cal Rg7g6]}) 34... c2 35. Nc1 {Strongly threatening a6.} f5 $2 ({Black should try} 35... d3 $14 36. Ra8 Ke6) 36. Rh7 $2 (36. Ra8 $18) 36... Ng8 $2 (36... Nf7 $1 $14) 37. h6 $2 ({White should play} 37. Ke1 $18) 37... e4 $2 {[%mdl 8192]} (37... Nf6 $11 38. Rg7 e4 39. fxe4 fxe4) 38. fxe4 fxe4 {[#] White must now prevent ...d3.} 39. Rd7+ $3 {[%mdl 512]} Kxd7 40. h7 e3+ 41. Kf3 e2 42. Kf2 Nf6 43. h8=Q Ke7 44. Qh4 d3 45. Qxc4 {White mates.} d2 46. Qxe2+ Kf8 47. Qxd2 Ne4+ 48. Ke2 Nxd2 49. Kxd2 Ke7 50. a6 {Accuracy: White = 26%, Black = 17%.} 1-0

[Event "US-ch Open 2019"]
[Site "Saint Louis"]
[Date "2019.03.27"]
[Round "7.1"]
[White "Akobian, Varuzhan"]
[Black "Nakamura, Hikaru"]
[Result "0-1"]
[WhiteElo "2625"]
[BlackElo "2746"]
[Annotator "TA"]
[PlyCount "94"]
[EventDate "2019.03.20"]
[EventType "swiss"]
[EventCountry "USA"]
[SourceTitle "playchess.com"]
[Source "ChessBase"]
[SourceQuality "1"]

{[%evp 12,94,26,31,36,35,36,37,28,3,11,6,23,0,0,0,11,-35,-24,-25,0,0,0,0,0,0,0,0,0,-21,-6,-28,-39,-53,-49,-54,-48,-54,-54,-52,-41,-49,-39,-46,-35,-90,-93,-89,-95,-99,-89,-119,-87,-87,-85,-85,-85,-85,-78,-82,-87,-95,-76,-82,-61,-84,-77,-194,-192,-183,-187,-316,-296,-283,-254,-540,-523,-497,-474,-475,-475,-4133,-3941,-1741,-1635]} 1. d4 d6 2. Nf3 g6 3. c4 Bg7 4. Nc3 Nc6 5. d5 Ne5 6. Nxe5 Bxe5 7. e4 Nf6 {A41: 1 d4 d6: Tartakower System and Modern Defence} 8. Bd3 O-O 9. O-O e6 {White is slightly better.} 10. h3 exd5 11. cxd5 $146 ({Predecessor:} 11. exd5 Nd7 12. Bh6 Re8 13. Qd2 Nc5 14. Bc2 a5 15. Rae1 {0-1 (47) Cvitan,O (2491)-Onischuk,V (2601) Tallinn 2016}) 11... Nh5 12. f4 Bd4+ 13. Kh2 $1 Qh4 14. Qe1 Qxe1 15. Rxe1 Bf2 16. Rf1 Bg3+ 17. Kg1 f5 18. Rf3 Bxf4 19. Bxf4 fxe4 20. Bxe4 {And now Bh6 would win.} Nxf4 21. Raf1 g5 22. h4 Bg4 23. Rg3 h5 $1 $36 {[%mdl 2048] Black has some pressure.} 24. hxg5 Rae8 25. Bf3 $1 Re5 26. Bxg4 hxg4 27. Rxg4 Nxd5 {Hoping for ...Rxf1+.} 28. Nxd5 (28. Rf3 $15) 28... Rxf1+ $17 29. Kxf1 Rxd5 $15 {[%mdl 4096] Endgame KR-KR} 30. Ke2 Kg7 31. Rc4 c6 32. Re4 Kg6 33. Re7 Rb5 $1 {[%cal Rb5b2]} ({Of course not} 33... Kxg5 $6 34. Rxb7 a5 35. Rc7 $11) 34. b3 Kxg5 35. Rd7 {[#]} d5 $1 36. Kd3 Kf6 37. Kc3 a5 38. Rc7 Ke6 39. a3 {[#]} (39. g4 $17) 39... d4+ $1 $19 {[%mdl 512]} 40. Kc4 {[#]} (40. Kxd4 Kd6) 40... d3 $1 {[%cal Rd3d2][%mdl 512] ( -> ...d2)} 41. Kc3 {[#]} (41. Rh7 {is the only way for White.}) (41. Kxd3 Kd6) 41... d2 $1 {[%cal Rd2d1][%mdl 512]} 42. Kxd2 Rxb3 43. g4 $2 (43. a4) 43... a4 {Black is clearly winning.} 44. g5 {If only White now had time for g6....} Kd6 45. Rf7 {[#]} b5 $1 46. g6 (46. Rf6+ $142 Kc7 47. Rf4) 46... Rxa3 47. g7 Rg3 {Accuracy: White = 45%, Black = 88%.} 0-1

[Event "US-ch Open 2019"]
[Site "Saint Louis"]
[Date "2019.03.27"]
[Round "7.2"]
[White "Xiong, Jeffery"]
[Black "So, Wesley"]
[Result "1/2-1/2"]
[WhiteElo "2663"]
[BlackElo "2762"]
[Annotator "TA"]
[PlyCount "79"]
[EventDate "2019.03.20"]
[EventType "swiss"]
[EventCountry "USA"]
[SourceTitle "playchess.com"]
[Source "ChessBase"]
[SourceQuality "1"]

{[%evp 25,79,0,0,0,0,0,0,0,0,0,0,0,0,0,2,0,17,4,8,0,6,16,43,37,27,27,35,14,10,11,22,21,50,42,33,0,44,40,52,38,43,31,40,31,41,28,41,41,41,20,14,8,22,16,13,8]} 1. d4 Nf6 2. c4 g6 3. Nc3 d5 4. Nf3 Bg7 5. Bf4 O-O 6. Rc1 dxc4 7. e3 Be6 8. Ng5 Bd5 9. e4 h6 10. exd5 hxg5 11. Bxg5 Nxd5 12. Bxc4 Nb6 13. Bb3 Nc6 14. d5 {D92: Grünfeld: 4 Nf3 Bg7 5 Bf4} Nd4 15. O-O Re8 16. h4 Qd7 17. a4 (17. a3 Nxb3 18. Qxb3 Rad8 19. Rfe1 Nxd5 20. Nxd5 Qxd5 21. Qxd5 Rxd5 22. Rxc7 Bxb2 23. Rxb7 Bxa3 24. Rxa7 {½-½ (30) Vitiugov,N (2709)-Vachier Lagrave,M (2778) Shenzhen 2018}) 17... Nxb3 18. Qxb3 Bxc3 19. Rxc3 Qxd5 20. Qc2 Rad8 $146 ({Predecessor:} 20... c6 21. Re1 Qf5 22. Qxf5 gxf5 {½-½ (32) Troia,E (2072)-Pietrocola,R (2168) ICCF email 2011}) 21. Rxc7 Rc8 22. Re1 ({Not} 22. Bxe7 $2 Qe5 $19) 22... Rxc7 23. Qxc7 e5 24. a5 Nd7 25. b4 Nf8 26. Bf6 {[%cal Re1e5]} Nd7 27. Be7 Kg7 28. Bg5 Nf8 29. Bf4 {[%cal Re1e5]} Nd7 30. Bg5 Nf8 31. Qc3 f6 32. Be3 a6 33. Qc1 Qf7 34. Bh6+ Kh7 35. Bxf8 Qxf8 36. Qc7+ Re7 37. Qb6 Rd7 {The position is equal.} 38. Rc1 Qe7 39. g3 f5 40. Qc5 {Accuracy: White = 72%, Black = 82%.} 1/2-1/2